| 000 | 00441nam a2200193Ia 4500 | ||
|---|---|---|---|
| 008 | 170918s9999 xx 000 0 und d | ||
| 020 | _a59063892 | ||
| 050 | _bG441 1991 | ||
| 100 | _aGibbons, Gail | ||
| 245 | _aFrom seed to plant / | ||
| 245 | _cGail Gibbons. | ||
| 260 | _aNew York : | ||
| 260 | _bScholastic, | ||
| 260 | _c1991 | ||
| 300 | _aunpaged : | ||
| 300 | _bcolored illustration ; | ||
| 300 | _c21cm. | ||
| 500 | _a660 | ||
| 999 |
_c341854 _d341854 |
||